Гидрогеологический очерк окрестностей г. Дербента
| Hlavní autor: | |
|---|---|
| Korporace: | , |
| Jazyk: | ruština angličtina |
| Vydáno: |
Москва, Геологическое изд-во, 1930
|
| Edice: | Труды Главного геолого-разведочного управления ВСНХ СССР Вып. 20 Труды Института подземных вод |
| Témata: | |
| Médium: | Kniha |
| KOHA link: | https://koha.lib.tpu.ru/cgi-bin/koha/opac-detail.pl?biblionumber=337550 |
MARC
| LEADER | 00000nam0a2200000 4500 | ||
|---|---|---|---|
| 001 | 337550 | ||
| 005 | 20231102004948.0 | ||
| 035 | |a (RuTPU)RU\TPU\book\364038 | ||
| 090 | |a 337550 | ||
| 100 | |a 20171108d1930 k y0rusy50 ca | ||
| 101 | 0 | |a rus |a eng | |
| 102 | |a RU | ||
| 105 | |a a z 000zy | ||
| 200 | 1 | |a Гидрогеологический очерк окрестностей г. Дербента |f И. Ф. Пустовалов |g СССР, Главное геологоразведочное управление (ГГРУ) ; Институт подземных вод | |
| 210 | |a Москва |a Ленинград |c Геологическое изд-во |d 1930 | ||
| 215 | |a 56 с. |c ил. |e 1 карта и 1 таблица | ||
| 225 | 1 | |a Труды Главного геолого-разведочного управления ВСНХ СССР |v Вып. 20 | |
| 225 | 1 | |a Труды Института подземных вод | |
| 606 | 1 | |a Гидрогеология |y Дагестан |2 stltpush |3 (RuTPU)RU\TPU\subj\76852 |9 87651 | |
| 610 | 1 | |a библиотека М. А. Усова | |
| 610 | 1 | |a Дербент | |
| 610 | 1 | |a орография | |
| 610 | 1 | |a геологические отложения | |
| 610 | 1 | |a тектоника | |
| 610 | 1 | |a водоносность | |
| 610 | 1 | |a водоснабжение | |
| 675 | |a 556.3(470.6) |v 4 | ||
| 700 | 1 | |a Пустовалов |b И. Ф. |g Иван Фёдорович | |
| 712 | 0 | 1 | |a СССР |b Главное геологоразведочное управление (ГГРУ) |c (1928-1931) |2 stltpush |3 (RuTPU)RU\TPU\col\18482 |
| 712 | 0 | 2 | |a Институт подземных вод |2 stltpush |3 (RuTPU)RU\TPU\col\23420 |
| 801 | 1 | |a RU |b 63413507 |c 20171108 | |
| 801 | 2 | |a RU |b 63413507 |c 20180131 |g RCR | |
| 942 | |c BK | ||